Big Bang Theory by Surname Quiz Stats

 Plays Quiz Updated Feb 28, 2019

Score 0/10 Timer 03:00
0 Plays Today
Last Name First Name % Correct
Cooper Sheldon
97.6%
KoothrappaliRaj
93.8%
WolowitzHoward
93.5%
HofstadterLeonard
93.4%
WheatonWil
89.7%
FowlerAmy
86.7%
RostenkowskiBernadette
68.4%
WinkleLeslie
64.2%
KripkeBarry
55.2%
GablehauserDr. Eric
27.2%

You're not logged in!

Compare scores with friends on all Sporcle quizzes.
OR
Log In

Show Comments

Extras

Top Quizzes Today


Score Distribution

Your Account Isn't Verified!

In order to create a playlist on Sporcle, you need to verify the email address you used during registration. Go to your Sporcle Settings to finish the process.

Report this User

Report this user for behavior that violates our Community Guidelines.

Details: